| 000 | 00907nam a2200325Ia 4500 | ||
|---|---|---|---|
| 008 | 170711s9999 xx 000 0 und d | ||
| 020 | _a9780764136795 | ||
| 050 | _a515.07 | ||
| 050 | _bH685 2008 | ||
| 100 | _aHockey, Shirley O. | ||
| 245 | _aBarron's AP calculus / | ||
| 245 | _cShirley O. Hockett and David Bock. | ||
| 250 | _aNineth edition. | ||
| 260 | _aNew York : | ||
| 260 | _bBarron's, | ||
| 260 | _c2008 | ||
| 300 | _a681 pages : | ||
| 300 | _bblack and white ; | ||
| 300 | _c28cm. | ||
| 440 | _aBarron's : the leader in test preparation. | ||
| 500 | _aIncludes index. | ||
| 650 | _aAdvanced placement programs (Education) -- | ||
| 650 | _aAdvanced placement programs (Education) -- | ||
| 650 | _aCalculus -- | ||
| 650 | _xExaminations, questions, etc. | ||
| 650 | _xExaminations. | ||
| 650 | _xStudy guides. | ||
| 700 | _aTitle : AP Calculus. | ||
| 700 | _aTitle. | ||
| 999 |
_c339983 _d339983 |
||